|
|
|
|
| LEADER |
00000nab a2200000 a 4500 |
| 001 |
vtls010452047 |
| 003 |
SK-MaSNL |
| 005 |
20260305011638.0 |
| 008 |
120921 2012 xo m 000 0 slo |
| 038 |
|
|
|a PPPK
|
| 040 |
|
|
|a PPPKCL
|b slo
|c PPPK
|e AACR2
|
| 041 |
0 |
|
|a slo
|
| 044 |
|
|
|a xo
|c SK
|
| 080 |
|
|
|a 027.52
|x (437.6)
|2 2001
|
| 080 |
|
|
|a 502.17
|2 2001
|
| 100 |
1 |
|
|a Suchá, Miroslava
|4 aut
|9 1587709
|
| 245 |
1 |
0 |
|a "Les ukrytý v knihe"
|c Za kolektív pedagógov Mgr. Miroslava Suchá
|
| 300 |
|
|
|b Fotogr.
|
| 610 |
2 |
7 |
|a Mestská knižnica (Levoča, Slovensko)
|2 pppkcl
|9 85613
|
| 610 |
2 |
7 |
|a Les ukrytý v knihe (projekt)
|2 pppkcl
|9 1545607
|
| 610 |
2 |
7 |
|a Základná škola Gašpara Haina (Levoča, Slovensko).
|b Elokované pracovisko (Levočské Lúky, Slovensko)
|2 pppkcl
|9 1096921
|
| 650 |
0 |
7 |
|a mestské knižnice
|2 pppkcl
|9 70409
|
| 650 |
0 |
7 |
|a ochrana životného prostredia
|2 pppkcl
|9 3352
|
| 650 |
0 |
7 |
|a základné školy
|2 pppkcl
|9 1280
|
| 651 |
|
7 |
|a Levoča (Slovensko)
|2 pppkcl
|9 26696
|
| 773 |
0 |
|
|t LIM - Levočský informačný mesačník
|g č. 6 (2012), s. 10
|
| 852 |
|
|
|a PPPK
|b KIS3GCP
|
| 999 |
|
|
|c 3254021
|d 3255951
|